000 00963cam a22003013a 4500
001 10558
003 PGUSA
005 20140828083226.0
008 040101s2004||||xxu|||||s|||||000 1 eng d
040 _aPGUSA
_beng
042 _adc
050 4 _aPR
100 1 _aThackeray, William Makepeace,
_d1811-1863
245 1 0 _aAudio :
_bVanity Fair
_h[electronic resource] /
_cWilliam Makepeace Thackeray
260 _bProject Gutenberg,
_c2004
506 _aCopyrighted. Read the copyright notice inside this book for details.
516 _aElectronic text
653 _aBritish -- Europe -- Fiction
653 _aFemale friendship -- Fiction
653 _aEngland -- Fiction
653 _aWaterloo, Battle of, Waterloo, Belgium, 1815 -- Fiction
653 _aSatire
653 _aMarried women -- Fiction
653 _aSocial classes -- Fiction
830 0 _aProject Gutenberg
_v10558
856 4 0 _uhttp://www.gutenberg.org/ebooks/10558
942 _cAB
999 _c239813
_d239813